000 00241nam a2200097Ia 4500
001 787511
005 20250826170341.0
008 250824s9999 xx 000 0 und d
245 0 _aSTRUMA
_cYazar Adı Belirtilmemiş
260 _bDESTEK YAYINLARI
999 _c787511
_d787511